| 000 | 00771cam a22001815a 4500 | ||
|---|---|---|---|
| 001 | L156240 | ||
| 008 | 120509s1832 xxk f 000 0 eng d | ||
| 035 | _a(Sirsi) u156240 | ||
| 041 | 0 | _aeng | |
| 100 | 1 | _aBadcock, Benjamin | |
| 245 | 0 | 0 |
_aTables exhibiting the prices of wheat, from the year 1100 to 1830 _balso, the prices of beans, barley, and oats, from 1790 to 1830 : together with sundry statements relative to the value of money, importation duties, day labour, &c. &c. &c |
| 260 |
_aLondon _bLongman, Rees, Orme, Brown, and Green _c1832 |
||
| 300 |
_a8 p., [5] leaves of plates (some folded) _bill. _c45 cm. |
||
| 583 | 0 |
_aCondition reviewed _c20120620 _lcondition level 4, loose boards |
|
| 651 | 4 |
_aGreat Britain _y1707- |
|
| 690 |
_aRural _96268 |
||
| 942 | _n0 | ||
| 999 |
_c114123 _d114123 |
||